[Event "HUN-chT2 Toth 1011"]
[Site "Hungary"]
[Date "2010.10.10"]
[Round "3.2"]
[White "Nagy, Tibor"]
[Black "Kajari, Istvan"]
[Result "0-1"]
[WhiteElo "1956"]
[BlackElo "2206"]
[PlyCount "142"]
[EventDate "2010.09.12"]
[EventType "team-tourn"]
[EventRounds "11"]
[EventCountry "HUN"]
[SourceTitle "EXT 2012"]
[Source "ChessBase"]
[SourceDate "2011.11.24"]
[SourceVersion "1"]
[SourceVersionDate "2011.11.24"]
[SourceQuality "1"]
[WhiteTeam "Nadudvar"]
[BlackTeam "Gyula"]
[WhiteTeamCountry "HUN"]
[BlackTeamCountry "HUN"]

1. e4 e5 2. d3 Bc5 3. Nf3 d6 4. Nc3 f5 5. Na4 Bb6 6. Nxb6 axb6 7. a3 Nf6 8. Bg5 0-0 9. Qd2 c5 10. Be2 Nc6 11. 0-0 Qe8 12. Bxf6 Rxf6 13. c3 Be6 14. Ng5 f4 15. Nxe6 Qxe6 16. Kh1 Rd8 17. Bf3 Rdf8 18. Qe2 Kh8 19. Rg1 Rh6 20. g3 Ne7 21. Rg2 Qf6 22. Rf1 g5 23. Qd1 Rg6 24. h3 Rg7 25. g4 Ng6 26. Qe2 Nh4 27. Rh2 Qe6 28. c4 Qd7 29. b3 b5 30. Kg1 Ra8 31. Ra1 Rf7 32. Rh1 b6 33. Kh2 Qc6 34. Rhg1 Rfa7 35. cxb5 Qxb5 36. a4 Qb4 37. Bg2 b5 38. Rgb1 Qd4 39. Bf1 bxa4 40. bxa4 Rxa4 41. Rxa4 Rxa4 42. Qb2 Rb4 43. Qxd4 Nf3+ 44. Kg2 Nxd4 45. Rd1 Rb2 46. Re1 Kg7 47. Ra1 Kf6 48. Kg1 f3 49. Re1 Rd2 50. Ra1 Ne2+ 51. Kh2 Nf4 52. Kg3 Nxd3 53. Ra3 Nxf2 54. Rxf3+ Ke7 55. Rxf2 Rd4 56. Kf3 Rb4 57. Rc2 Rb3+ 58. Kf2 Ra3 59. Bg2 Kd7 60. Bf1 Kc6 61. Rd2 Rc3 62. Kg2 Rc1 63. Bd3 h6 64. Kh2 Rc3 65. Bb1 c4 66. Rc2 Rxc2+ 67. Bxc2 Kc5 68. Kg3 Kd4 69. h4 Kc3 70. hxg5 hxg5 71. Ba4 Kd2 0-1

[Event "Senta January op"]
[Site "Senta"]
[Date "2010.02.05"]
[Round "7"]
[White "Petrovic, Vladimir2222"]
[Black "Kajari, Istvan"]
[Result "0-1"]
[WhiteElo "2082"]
[BlackElo "2208"]
[PlyCount "122"]
[EventDate "2010.01.22"]
[EventType "swiss"]
[EventRounds "9"]
[EventCountry "YUG"]
[SourceTitle "EXT 2011"]
[Source "ChessBase"]
[SourceDate "2010.11.26"]
[SourceVersion "1"]
[SourceVersionDate "2010.11.26"]
[SourceQuality "1"]

1. e4 e5 2. Nf3 Nc6 3. Bc4 Nf6 4. d4 exd4 5. 0-0 d6 6. c3 dxc3 7. Nxc3 Be7 8. h3 0-0 9. Qe2 Ne5 10. Nxe5 dxe5 11. Rd1 Nd7 12. f4 c6 13. f5 b5 14. Bb3 a5 15. Qf3 a4 16. Bc2 Bc5+ 17. Kh1 Qh4 18. Ne2 Qf2 19. Qxf2 Bxf2 20. Rd6 Ra6 21. Rd3 Nf6 22. Rf3 Ba7 23. Bg5 Nd7 24. f6 Nxf6 25. Bxf6 gxf6 26. Ng3 c5 27. Nh5 f5 28. exf5 f6 29. Rd1 Bb8 30. Be4 Rd6 31. Rxd6 Bxd6 32. Rg3+ Kh8 33. Rd3 Be7 34. g4 Rd8 35. Rxd8+ Bxd8 36. Bc6 Ba6 37. Kg2 a3 38. bxa3 c4 39. Kf2 Kg8 40. a4 b4 41. Ke1 c3 42. Kd1 Bc4 43. Kc2 Bxa2 44. a5 Kf7 45. a6 Bb6 46. h4 Bd4 47. Ba4 e4 48. Ng3 Bd5 49. Bb3 Bxb3+ 50. Kxb3 e3 51. Ne2 Bc5 52. a7 Bxa7 53. Kxb4 c2 54. Kc3 h5 55. gxh5 Kg7 56. Kxc2 Kh6 57. Nf4 Bb8 58. Nd5 Kxh5 59. Nxf6+ Kxh4 60. Nd7 Kg3 61. Nxb8 e2 0-1

[Event "Senta January op"]
[Site "Senta"]
[Date "2010.01.24"]
[Round "3"]
[White "Kajari, Istvan"]
[Black "Mrzic, Branko"]
[Result "1-0"]
[WhiteElo "2208"]
[BlackElo "1946"]
[PlyCount "47"]
[EventDate "2010.01.22"]
[EventType "swiss"]
[EventRounds "9"]
[EventCountry "YUG"]
[SourceTitle "EXT 2011"]
[Source "ChessBase"]
[SourceDate "2010.11.26"]
[SourceVersion "1"]
[SourceVersionDate "2010.11.26"]
[SourceQuality "1"]

1. d4 Nf6 2. c4 g6 3. Nc3 Bg7 4. e4 d6 5. Be2 0-0 6. g4 c6 7. g5 Nfd7 8. h4 e5 9. d5 Qe7 10. Be3 a5 11. Qd2 c5 12. 0-0-0 a4 13. Nf3 Na6 14. Rdg1 Nc7 15. Nh2 Nb6 16. Ng4 Bxg4 17. Rxg4 Nd7 18. h5 Rfb8 19. Rgh4 Nf8 20. hxg6 hxg6 21. Bd3 Qd7 22. f4 exf4 23. Bxf4 Qe7 24. Qh2 1-0

[Event "HUN-chT2 Toth 0708"]
[Site "Hungary"]
[Date "2008.05.18"]
[Round "11"]
[White "Csuri, Laszlo"]
[Black "Kajari, Istvan"]
[Result "1/2-1/2"]
[WhiteElo "2113"]
[BlackElo "2235"]
[PlyCount "48"]
[EventDate "2007.10.14"]
[EventType "team"]
[EventRounds "11"]
[EventCountry "HUN"]
[SourceTitle "EXT 2009"]
[Source "ChessBase"]
[SourceDate "2008.11.26"]
[SourceVersion "1"]
[SourceVersionDate "2008.11.26"]
[SourceQuality "1"]
[WhiteTeam "Vasarhelyi"]
[BlackTeam "Gyula"]
[WhiteTeamCountry "HUN"]
[BlackTeamCountry "HUN"]

1. d4 d5 2. Nc3 Nf6 3. e4 Nxe4 4. Nxe4 dxe4 5. Bc4 e6 6. Nh3 Nd7 7. 0-0 Nf6 8. Bb3 c5 9. c3 Bd7 10. f3 cxd4 11. cxd4 Bb5 12. Re1 e3 13. Bxe3 Bb4 14. Bg5 Qd7 15. d5 Nxd5 16. Bxd5 Bxe1 17. Qxe1 Qxd5 18. Qb4 f6 19. Be3 Qc4 20. Qd6 Rd8 21. Qg3 Qe2 22. Re1 Rd1 23. Qb8+ Kf7 24. Qxb7+ Ke8 1/2-1/2

[Event "HUN-chT2 Toth 0304"]
[Site "Hungary"]
[Date "2003.12.07"]
[Round "5"]
[White "Kajari, Istvan"]
[Black "Csernovics, Gabor"]
[Result "1-0"]
[WhiteElo "2219"]
[BlackElo "2129"]
[PlyCount "61"]
[EventDate "2003.09.28"]
[EventType "team"]
[EventRounds "11"]
[EventCountry "HUN"]
[SourceTitle "EXT 2009"]
[Source "ChessBase"]
[SourceDate "2008.11.26"]
[SourceVersion "1"]
[SourceVersionDate "2008.11.26"]
[SourceQuality "1"]
[WhiteTeam "GYDSE"]
[BlackTeam "Kiskunhalas"]
[WhiteTeamCountry "HUN"]
[BlackTeamCountry "HUN"]

1. e4 d6 2. d4 Nf6 3. Nc3 g6 4. Be2 Bg7 5. g4 Na6 6. Be3 c5 7. g5 Nd7 8. d5 Qa5 9. Qd2 Qb4 10. 0-0-0 Bxc3 11. Qxc3 Qxc3 12. bxc3 Ne5 13. h3 f5 14. f4 Nf7 15. Bd3 fxe4 16. Bxe4 b5 17. Ne2 Nc7 18. Ng3 Rf8 19. h4 Bg4 20. Rdf1 0-0-0 21. h5 gxh5 22. Rf2 e6 23. dxe6 Nxe6 24. Bxh7 Ng7 25. f5 Rde8 26. f6 Ne6 27. g6 Nfg5 28. f7 Re7 29. Bxg5 Nxg5 30. g7 Nxh7 31. g8Q 1-0

[Event "Erkel Memorial op"]
[Site "Gyula"]
[Date "2001.11.05"]
[Round "7"]
[White "Kelly, Ladislau Endre"]
[Black "Kajari, Istvan"]
[Result "1/2-1/2"]
[WhiteElo "2146"]
[BlackElo "2243"]
[PlyCount "77"]
[EventDate "2001.10.30"]
[EventType "swiss"]
[EventRounds "9"]
[EventCountry "HUN"]
[SourceTitle "EXT 2008"]
[Source "ChessBase"]
[SourceDate "2007.11.25"]
[SourceVersion "1"]
[SourceVersionDate "2007.11.25"]
[SourceQuality "1"]

1. e4 e5 2. Nf3 d6 3. d4 Bg4 4. dxe5 Nd7 5. exd6 Bxd6 6. Be2 Qe7 7. Nd4 Bxe2 8. Qxe2 0-0-0 9. Nf5 Qf6 10. Nxd6+ Qxd6 11. 0-0 Ngf6 12. Nc3 a6 13. f3 h6 14. Rd1 Qc6 15. Be3 g5 16. Rd4 Ne5 17. Rad1 Rde8 18. Nd5 Nxd5 19. Rxd5 Rhg8 20. b3 Qe6 21. g4 h5 22. h3 hxg4 23. hxg4 f6 24. Bf2 Rh8 25. Bg3 Nc6 26. Qc4 Rh7 27. Rc5 Qxc4 28. Rxc4 Rd8 29. Rxd8+ Kxd8 30. Rc5 Rd7 31. Kf2 Rd2+ 32. Ke3 Rg2 33. Bf2 Kd7 34. a3 Ne5 35. Rd5+ Ke7 36. Rd1 Rh2 37. Rg1 Ke6 38. c3 b6 39. a4 1/2-1/2

[Event "Erkel Memorial op"]
[Site "Gyula"]
[Date "2001.11.03"]
[Round "5"]
[White "Lengyel, Laszlo"]
[Black "Kajari, Istvan"]
[Result "1-0"]
[WhiteElo "2159"]
[BlackElo "2243"]
[PlyCount "139"]
[EventDate "2001.10.30"]
[EventType "swiss"]
[EventRounds "9"]
[EventCountry "HUN"]
[SourceTitle "EXT 2008"]
[Source "ChessBase"]
[SourceDate "2007.11.25"]
[SourceVersion "1"]
[SourceVersionDate "2007.11.25"]
[SourceQuality "1"]

1. c4 c6 2. e4 e5 3. Nc3 Nf6 4. Nf3 d6 5. d4 Nbd7 6. Be2 Be7 7. 0-0 0-0 8. h3 Qc7 9. Be3 Rd8 10. d5 Nf8 11. Rc1 Ne8 12. b4 f5 13. exf5 Bxf5 14. Qb3 Kh8 15. Rfd1 Nd7 16. a3 h6 17. Nd2 Bh7 18. Bf3 Bg8 19. Nde4 Ndf6 20. dxc6 bxc6 21. Nxf6 Nxf6 22. b5 Rab8 23. Qa4 c5 24. Rd2 Be6 25. Rcd1 Rf8 26. Qb3 Qa5 27. Rxd6 Bxd6 28. Rxd6 Bg8 29. Bxc5 Rfc8 30. Bb4 Qc7 31. Rc6 Qd7 32. a4 Rxc6 33. Bxc6 Qd3 34. Bd5 Nxd5 35. cxd5 a6 36. Ba5 axb5 37. axb5 Rb7 38. b6 e4 39. Qa4 e3 40. fxe3 Qxe3+ 41. Kh2 Qe5+ 42. Kg1 Bxd5 43. Nxd5 Qxd5 44. Qe8+ Kh7 45. Qe3 Rf7 46. Bc3 Rd7 47. Be1 Rd6 48. Bf2 Rg6 49. g3 Re6 50. Qc1 Re7 51. Qb1+ Kg8 52. Qc2 Qf3 53. Qc8+ Kh7 54. Qc2+ g6 55. Kh2 h5 56. h4 Rf7 57. Bd4 Qd5 58. Qb2 Rf1 59. Qg2 Qxg2+ 60. Kxg2 Rb1 61. Kf3 Kg8 62. Ke4 Rb5 63. Kd3 Kf7 64. Kc4 Rb1 65. Kc5 Ke6 66. Kc6 Rc1+ 67. Bc5 Rb1 68. b7 Rb3 69. Kc7 Kd5 70. Bb6 1-0